Discurso inaugural que en la apertura de clases del Colegio Nacional de Medicina y Cirugia de San Carlos de esta Corte leyó Ramón Frau y Armendariz el día 3 de octubre del presente año. (Record no. 154194)
[ view plain ]
| 000 -LEADER | |
|---|---|
| campo de control de longitud fija | 00828nam a22001935i 4500 |
| 001 - NÚMERO DE CONTROL | |
| campo de control | 154194 |
| 003 - IDENTIFICADOR DE NÚMERO DE CONTROL | |
| campo de control | ES-MaACL |
| 005 - FECHA Y HORA DE LA ÚLTIMA TRANSACCIÓN | |
| campo de control | 20250827230940.0 |
| 008 - DATOS DE LONGITUD FIJA--INFORMACIÓN GENERAL | |
| campo de control de longitud fija | 960806s1842 sp |||| | spa d |
| 040 ## - FUENTE DE CATALOGACIÓN | |
| Centro catalogador/agencia de origen | CLM |
| Lengua de catalogación | spa |
| Centro/agencia transcriptor | CCPB | SIC |
| 100 2# - ENTRADA PRINCIPAL--NOMBRE DE PERSONA | |
| Nombre de persona | Frau y Armendariz, Ramon, |
| Fechas asociadas al nombre | 1787-1861 |
| 9 (RLIN) | 127145 |
| 245 10 - MENCIÓN DEL TÍTULO | |
| Título | Discurso inaugural que en la apertura de clases del Colegio Nacional de Medicina y Cirugia de San Carlos de esta Corte leyó Ramón Frau y Armendariz el día 3 de octubre del presente año. |
| 260 ## - PUBLICACIÓN, DISTRIBUCIÓN, ETC. | |
| Lugar de publicación, distribución, etc. | Madrid : |
| Nombre del editor, distribuidor, etc. | [s.n.], |
| Fecha de publicación, distribución, etc. | 1842 ( |
| Fabricante | Imprenta de Alegría y Charlain) |
| 300 ## - DESCRIPCIÓN FÍSICA | |
| Extensión | 34 p. ; |
| Dimensiones | 25 cm. |
| 596 ## - NOTA AL PIE DE IMPRENTA | |
| NOTA AL PIE DE IMPRENTA | Marca tip. en port. |
| 710 2# - ENTRADA AGREGADA--NOMBRE DE ENTIDAD CORPORATIVA | |
| Nombre de entidad corporativa o nombre de jurisdicción como elemento de entrada | Colegio de San Carlos (Madrid) |
| 9 (RLIN) | 174691 |
| 852 ## - LOCALIZACIÓN | |
| Ubicación | ES-MaACL |
| Número de control de estantería | R-1360(9) |
| Nota libre | -- Enc. hol. |
| -- | -- Ex-libris de Mateo Seoane |
| Encuadernación | -- Olim: G-15438 |
| Estatus retirado | Estado de pérdida | Estado de daño | No para préstamo | Colección | Biblioteca de origen | Biblioteca actual | Ubicación en estantería | Fecha de adquisición | Total de préstamos | Signatura topográfica completa | Código de barras | Visto por última vez | Precio de reemplazo | Tipo de ítem Koha |
|---|---|---|---|---|---|---|---|---|---|---|---|---|---|---|
| Libros del s. XIX | Biblioteca del Ateneo de Madrid | Biblioteca del Ateneo de Madrid | Depósito | 17/01/2008 | R-1360-71(9) | 1161233 | 23/02/2023 | 23/02/2023 | Libro impreso antiguo |
